<?xml version="1.0" encoding="UTF-8"?>
<collection xmlns="http://www.loc.gov/MARC21/slim">
    <record>
        <controlfield tag="001">46646</controlfield>
        <controlfield tag="005">20170831220544.0</controlfield>
        <datafield tag="037" ind1=" " ind2=" ">
            <subfield code="a">GDOC-2011-1747</subfield>
        </datafield>
        <datafield tag="041" ind1=" " ind2=" ">
            <subfield code="a">spa</subfield>
        </datafield>
        <datafield tag="100" ind1=" " ind2=" ">
            <subfield code="0">(orcid)0000-0002-6101-580X</subfield>
            <subfield code="a">Zalba Nonay, María Belén</subfield>
        </datafield>
        <datafield tag="245" ind1="0" ind2="0">
            <subfield code="9">67111</subfield>
            <subfield code="a">Climatización</subfield>
        </datafield>
        <datafield tag="260" ind1=" " ind2=" ">
            <subfield code="a">Zaragoza</subfield>
            <subfield code="b">Universidad de Zaragoza</subfield>
            <subfield code="c">2011-2012</subfield>
        </datafield>
        <datafield tag="520" ind1=" " ind2=" ">
            <subfield code="a"> Sistemas de refrigeración y ventilación. Tecnología de los componentes y equipos de compresión mecánica. Aplicaciones de los sistemas de refrigeración. Baterías frías y Bombas de Calor. Sistemas de calefacción. Sistemas de distribución. Técnicas de ahorro en refrigeración y calefacción Sistemas de refrigeración y ventilación. Tecnología de los componentes yequipos de compresión mecánica. Aplicaciones de los sistemas derefrigeración. Baterías frías y Bombas de Calor. Sistemas de calefacción.Sistemas de distribución. Técnicas de ahorro en refrigeración y calefacción</subfield>
        </datafield>
        <datafield tag="521" ind1=" " ind2=" ">
            <subfield code="9">642</subfield>
            <subfield code="a">Máster Universitario en Sistemas Mecánicos</subfield>
        </datafield>
        <datafield tag="540" ind1=" " ind2=" ">
            <subfield code="a">by-nc-sa</subfield>
            <subfield code="b">Creative Commons</subfield>
            <subfield code="c">3.0</subfield>
            <subfield code="u">http://creativecommons.org/licenses/by-nc-sa/3.0/</subfield>
        </datafield>
        <datafield tag="700" ind1=" " ind2=" ">
            <subfield code="0">(orcid)0000-0003-0330-183X</subfield>
            <subfield code="a">Monne Bailo, Carlos Miguel</subfield>
        </datafield>
        <datafield tag="700" ind1=" " ind2=" ">
            <subfield code="0">(orcid)0000-0002-2226-7561</subfield>
            <subfield code="a">Guallar Paracuellos, Jesús</subfield>
        </datafield>
        <datafield tag="830" ind1=" " ind2=" ">
            <subfield code="9">322</subfield>
        </datafield>
        <datafield tag="856" ind1="4" ind2=" ">
            <subfield code="s">80017</subfield>
            <subfield code="u">http://zaguan.unizar.es/record/46646/files/guia.pdf</subfield>
            <subfield code="y">Guía (idioma español)</subfield>
        </datafield>
        <datafield tag="980" ind1=" " ind2=" ">
            <subfield code="a">GDOC</subfield>
            <subfield code="b">Ingeniería y Arquitectura</subfield>
            <subfield code="c">110</subfield>
        </datafield>
    </record>

    
</collection>